Společná obchodní politika ES.

Odstránenie ciel a kvantitatívnych obmedzení pri dovoze a vývoze tovaru medzi členskými štátmi ES a zavedenie spoločného colného sadzobníka a spoločnej obchodnej politiky voči nečlenským štátom ES ako jedny z najdôležitejších zásad EHS. Vývoj a stav spoločného colného sadzobníka. Diferencovaný príst...

Descrizione completa

Salvato in:
Dettagli Bibliografici
Autore principale: Tíkal, S.
Natura: Capitolo di libro
Lingua:ceco
Soggetti:
Tags: Aggiungi Tag
Nessun Tag, puoi essere il primo ad aggiungerne!!

MARC

LEADER 00000naa a2200000 4500
001 r011650
005 20220831090928.1
041 0 |a cze 
044 |a [CS] 
245 1 0 |a Společná obchodní politika ES.  |c S. Tíkal 
520 |a Odstránenie ciel a kvantitatívnych obmedzení pri dovoze a vývoze tovaru medzi členskými štátmi ES a zavedenie spoločného colného sadzobníka a spoločnej obchodnej politiky voči nečlenským štátom ES ako jedny z najdôležitejších zásad EHS. Vývoj a stav spoločného colného sadzobníka. Diferencovaný prístup ES k nečlenským štátom, a otázky, spojené s pridružením k ES. 
610 2 0 |a politika obchodná 
610 2 0 |a Európske spoločenstvá 
610 2 0 |a dovoz 
610 2 0 |a vývoz 
610 2 0 |a clá 
610 2 0 |a sadzby colné 
610 2 0 |a EHS 
100 1 |a Tíkal, S.